Countries that have occupied Estonia - Statistics

General Stats
  • This quiz has been taken 79 times
  • The average score is 7 of 10
Answer Stats
Hint Answer % Correct
1991-Present Estonia
94%
1944-1991 Russia
92%
1940-1941 Russia
85%
1941-1944 Germany
83%
1710-1918 Russia
83%
1918-1940 Estonia
80%
1558-1710 Sweden
70%
1219-1346 Denmark
55%
1346-1559 Germany
53%
1559-1645 Denmark
48%
No matching quizzes found
Score Distribution
Percent of People with Each Score
Percentile by Number Answered
Your Score History
You have not taken this quiz